| 000 | 01036nam a22002537a 4500 | ||
|---|---|---|---|
| 999 |
_c3817 _d3817 |
||
| 003 | AR-CdUCM | ||
| 008 | 190307b ||||| |||| 00| 0 spa d | ||
| 020 | _a9223135400 | ||
| 040 |
_aMUNICIPALIDAD PROVINCIAL DEL CUSCO _cBIBLIOTECA MUNICIPAL DEL CUSCO |
||
| 082 |
_a348.605 / _bF64 |
||
| 100 |
_aFlores Medina, Rosa _912293 |
||
| 245 |
_aInvisible y sin derechos : _baproximación al perfil del trabajo infantil domestico en el Perú / |
||
| 260 |
_aLima : _bOIT, _c2000. |
||
| 300 |
_a110 páginas ; _c28 cm. |
||
| 440 |
_aOficina Internacional del Trabajo _912294 |
||
| 505 | _aCaracterísticas de las trabajadoras domesticas infantiles bajo estudio -- Situación de las políticas frente al trabajo infantil -- Perfil básico de la trabajadora domestica... | ||
| 650 |
_aTrabajadora domestica. _912295 |
||
| 650 |
_aTrabajo infantil. _912292 |
||
| 650 |
_aEducación infantil. _912296 |
||
| 700 |
_aVega Segoin, Liliana _912297 |
||
| 700 |
_aCaceres Lopez, Patricia. _912298 |
||
| 942 |
_2ddc _cLIBROS |
||
| 945 |
_awfj _d2019-03-07 |
||